Online
Catalog
Normal view MARC view

Entry Nombre de reunión

Number of records used in: 1

001 - NÚMERO DE CONTROL

  • campo de control: 70268

003 - IDENTIFICADOR DEL NÚMERO DE CONTROL

  • campo de control: OSt

005 - FECHA Y HORA DE LA ÚLTIMA TRANSACCIÓN

  • campo de control: 20200615035923.0

008 - DATOS DE LONGITUD FIJA

  • campo de control de longitud fija: 200615|| aca||aabn | a|a d

040 ## - FUENTE DE LA CATALOGACIÓN

  • Centro catalogador/agencia de origen: OSt
  • Centro/agencia transcriptor: OSt

111 ## - ENCABEZAMIENTO--NOMBRE DE CONGRESO/REUNIÓN

  • Nombre de congreso/reunión o jurisdicción como elemento de entrada: Grand Séminaire de Neuchâtel = Coloquio Internacional Javier Tomeo
  • Fecha del congreso/reunión: (2007, 5-6 nov :
  • Sede del congreso/Lugar de la reunión: Neuchâtel, Suiza)

670 ## - FUENTE DE DATOS ENCONTRADOS

  • Cita de la fuente: Work cat.: (OSt)42354: Grand Séminaire de Neuchâtel = Coloquio Internacional Javier Tomeo (2007, 5-6 nov : Neuchâtel, Suiza), Javier Tomeo., 2010.

Powered by Koha